<?xml version="1.0" encoding="UTF-8"?>
<record
    xmlns:xsi="http://www.w3.org/2001/XMLSchema-instance"
    xsi:schemaLocation="http://www.loc.gov/MARC21/slim http://www.loc.gov/standards/marcxml/schema/MARC21slim.xsd"
    xmlns="http://www.loc.gov/MARC21/slim">

  <leader>00770nab a2200241 uc4500</leader>
  <controlfield tag="001">886387</controlfield>
  <controlfield tag="005">20240201193454.0</controlfield>
  <controlfield tag="008">040817e20040205                    por  </controlfield>
  <datafield tag="035" ind1=" " ind2=" ">
    <subfield code="a">886387</subfield>
  </datafield>
  <datafield tag="035" ind1=" " ind2=" ">
    <subfield code="a">(OCoLC)820287052</subfield>
  </datafield>
  <datafield tag="040" ind1=" " ind2=" ">
    <subfield code="c">comduadb</subfield>
  </datafield>
  <datafield tag="041" ind1=" " ind2=" ">
    <subfield code="a">por</subfield>
  </datafield>
  <datafield tag="100" ind1="1" ind2="0">
    <subfield code="a">Taibo Arias, Carlos</subfield>
    <subfield code="4">aut</subfield>
    <subfield code="e">aut</subfield>
    <subfield code="9">286148</subfield>
  </datafield>
  <datafield tag="245" ind1="1" ind2="0">
    <subfield code="a">A retorica constituicao europeia</subfield>
  </datafield>
  <datafield tag="650" ind1=" " ind2=" ">
    <subfield code="a">Uni&#xF3;n Europea</subfield>
    <subfield code="9">49918</subfield>
  </datafield>
  <datafield tag="650" ind1=" " ind2="7">
    <subfield code="a">Democracia</subfield>
    <subfield code="2">lemb</subfield>
    <subfield code="9">1551</subfield>
  </datafield>
  <datafield tag="650" ind1=" " ind2=" ">
    <subfield code="a">Derechos sociales</subfield>
    <subfield code="9">62534</subfield>
  </datafield>
  <datafield tag="650" ind1=" " ind2=" ">
    <subfield code="a">Pol&#xED;tica - Europa</subfield>
    <subfield code="9">74130</subfield>
  </datafield>
  <datafield tag="650" ind1=" " ind2=" ">
    <subfield code="a">Constituci&#xF3;n y democracia</subfield>
    <subfield code="9">79057</subfield>
  </datafield>
  <datafield tag="650" ind1=" " ind2=" ">
    <subfield code="a">Ret&#xF3;rica - Aspectos pol&#xED;ticos</subfield>
    <subfield code="9">62139</subfield>
  </datafield>
  <datafield tag="773" ind1="0" ind2=" ">
    <subfield code="t">Fragmentos de Cultura (Goiania)</subfield>
    <subfield code="g">Vol. 14, No. 02, Feb. 2004, p. 387-389</subfield>
    <subfield code="w">551406</subfield>
    <subfield code="x">1414-9494</subfield>
    <subfield code="0">131998</subfield>
  </datafield>
  <datafield tag="942" ind1=" " ind2=" ">
    <subfield code="c">ARIMP</subfield>
  </datafield>
  <datafield tag="999" ind1=" " ind2=" ">
    <subfield code="c">319759</subfield>
    <subfield code="d">319759</subfield>
  </datafield>
</record>
